000 00863nam a2200217Ii 4500
003 JO-AjNU
008 230605s9999||||xx |||||||||||||| ||und||
017 _a1993/3/266
040 _aJO-AjNU
_bara
_erda
_cJO-AjNU
041 _aara
050 1 4 _aK5015.J3834.1993
100 3 _a جوخدار ، حسن ,
_eauthor
_925246
245 0 0 _aشرح قانون أصول المحاكمات الجزائية الأردني : الدعوئ الناشئة عن الجريمة ، القضاء الجزائي ، الاثبات الجزائي " دراسة مقارنة " 1 /2
250 _aط1
264 3 1 _aعمان : حسن جوخدار ، 1993
300 _a360ص
336 _atext
_btxt
_2rdacontent
337 _aunmediated
_bn
_2rdamedia
338 _avolume
_bnc
_2rdacarrier
650 4 _aالقانون الجنائي -- المحاكمات الجزائية
_925247
999 _aA9417
_c12985
_d12985